Barron's 6 GRE practice tests / (Record no. 25609)
[ view plain ]
| 000 -LEADER | |
|---|---|
| fixed length control field | 00865cam a22002775a 4500 |
| 001 - CONTROL NUMBER | |
| control field | 18516006 |
| 005 - DATE AND TIME OF LATEST TRANSACTION | |
| control field | 20171119115759.0 |
| 008 - FIXED-LENGTH DATA ELEMENTS--GENERAL INFORMATION | |
| fixed length control field | 150304t2015 nyua fr 000 0 eng d |
| 020 ## - INTERNATIONAL STANDARD BOOK NUMBER | |
| International Standard Book Number | 9781438006291 |
| 040 ## - CATALOGING SOURCE | |
| Original cataloging agency | DLC |
| Transcribing agency | DLC |
| Language of cataloging | eng |
| Modifying agency | DLC |
| -- | EG-ScBUE |
| 082 04 - DEWEY DECIMAL CLASSIFICATION NUMBER | |
| Edition number | 22 |
| Classification number | 378.1662 |
| Item number | FRE |
| 100 1# - MAIN ENTRY--PERSONAL NAME | |
| Personal name | Freeling, David. |
| 245 10 - TITLE STATEMENT | |
| Title | Barron's 6 GRE practice tests / |
| Statement of responsibility, etc | David Freeling and Vince Kotchian. |
| 246 3# - VARYING FORM OF TITLE | |
| Title proper/short title | Barron's six GRE practice tests |
| 246 30 - VARYING FORM OF TITLE | |
| Title proper/short title | 6 GRE practice tests |
| 250 ## - EDITION STATEMENT | |
| Edition statement | 2nd ed. |
| 260 ## - PUBLICATION, DISTRIBUTION, ETC. (IMPRINT) | |
| Place of publication, distribution, etc | Hauppauge, New York : |
| Name of publisher, distributor, etc | Barron's, |
| Date of publication, distribution, etc | c.2015. |
| 300 ## - PHYSICAL DESCRIPTION | |
| Extent | iv, 344 p. : |
| Other physical details | ill. ; |
| Dimensions | 28 cm. |
| 650 #7 - SUBJECT ADDED ENTRY--TOPICAL TERM | |
| Topical term or geographic name as entry element | Graduate Record Examination |
| Form subdivision | Study guides. |
| Source of heading or term | BUEsh |
| 9 (RLIN) | 20956 |
| 651 ## - SUBJECT ADDED ENTRY--GEOGRAPHIC NAME | |
| Source of heading or term | BUEsh |
| 653 ## - INDEX TERM--UNCONTROLLED | |
| Resource For college | Generalities |
| Arrived date list | November2017 |
| 655 ## - INDEX TERM--GENRE/FORM | |
| Form subdivision | Reading book |
| -- | 34232 |
| 700 1# - ADDED ENTRY--PERSONAL NAME | |
| Personal name | Kotchian, Vince. |
| 710 2# - ADDED ENTRY--CORPORATE NAME | |
| Corporate name or jurisdiction name as entry element | Barron's Educational Series, Inc. |
| 942 ## - ADDED ENTRY ELEMENTS (KOHA) | |
| Source of classification or shelving scheme | Dewey Decimal Classification |
| Withdrawn status | Item status | Source of classification or shelving scheme | Damaged status | Not for loan | Vendor | Home library | Current library | Shelving location | Date acquired | Source of acquisition | Total Checkouts | Total Renewals | Full call number | Barcode | Date last seen | Date last borrowed | Koha item type |
|---|---|---|---|---|---|---|---|---|---|---|---|---|---|---|---|---|---|
| Dewey Decimal Classification | Baccah | Central Library | Central Library | First floor | 19/11/2017 | Purchase | 6 | 7 | 378.1662 FRE | 000042511 | 15/07/2025 | 29/09/2024 | Book - Borrowing |